Los cuentos del Cuyito / (Registro nro. 6939)

Detalles MARC
000 -LEADER
fixed length control field 01527nam a22002537a 4500
003 - CONTROL NUMBER IDENTIFIER
control field OSt
005 - DATE AND TIME OF LATEST TRANSACTION
control field 20201020093428.0
008 - FIXED-LENGTH DATA ELEMENTS--GENERAL INFORMATION
fixed length control field 201020t2000 gt a|||br|||| 00| j spa d
020 ## - INTERNATIONAL STANDARD BOOK NUMBER
International Standard Book Number 9992258705
040 ## - CATALOGING SOURCE
Original cataloging agency CO-JMCR
Transcribing agency CO-JMCR
041 0# - LANGUAGE CODE
Language code of text/sound track or separate title spa
082 04 - DEWEY DECIMAL CLASSIFICATION NUMBER
Classification number C /
Item number ASTc
Edition number 23
100 1# - MAIN ENTRY--PERSONAL NAME
Personal name Asturias, Miguel Ángel,
Relator term autor
9 (RLIN) 11707
245 14 - TITLE STATEMENT
Title Los cuentos del Cuyito /
Statement of responsibility, etc. Miguel Ángel Asturias ; ilustraciones de Nivio López Vigil
260 ## - PUBLICATION, DISTRIBUTION, ETC.
Place of publication, distribution, etc. Guatemala :
Name of publisher, distributor, etc. Editorial Piedra Santa,
Date of publication, distribution, etc. ©2000
300 ## - PHYSICAL DESCRIPTION
Extent 40 páginas :
Other physical details ilustraciones a color ;
Dimensions 23 cm.
505 0# - FORMATTED CONTENTS NOTE
Formatted contents note La paloma verde -- Corazón de aguacate -- Zopilotes blancos -- La maquinita de hablar -- Clarín clarinero
520 3# - SUMMARY, ETC.
Summary, etc. Estos cuentos no los escribió Asturias con la intención "que fueran para niños"; los escribió para sus hijos Rodrigo y Miguel Ángel. Y son cuentos, pero fueron cartas que el autor escribió en Guatemala, para sus hijos que vivían en México; cinco cartas-cuentos fechadas entre enero y marzo de 1947.<br/>En esta edición, los cuentos guardan un orden cronológico; y, antes de cada uno, se incluyó un fragmento de la carta de la que formaba parte. Disfrutemos ahora estas páginas esplendorosas porque, como escribió el autor a propósito de ellas, la vida es también un contar de cuentos.
650 14 - SUBJECT ADDED ENTRY--TOPICAL TERM
Topical term or geographic name entry element Literatura guatemalteca
Chronological subdivision Siglo xx
9 (RLIN) 11708
650 14 - SUBJECT ADDED ENTRY--TOPICAL TERM
Topical term or geographic name entry element Cuentos infantiles guatemaltecos
9 (RLIN) 11709
650 24 - SUBJECT ADDED ENTRY--TOPICAL TERM
Topical term or geographic name entry element Aves en la literatura
9 (RLIN) 11710
700 1# - ADDED ENTRY--PERSONAL NAME
Personal name López Vigil, Nivio,
Relator term ilustrador
9 (RLIN) 11711
942 ## - ADDED ENTRY ELEMENTS (KOHA)
Source of classification or shelving scheme Dewey Decimal Classification
Koha item type Books
Existencias
Withdrawn status Lost status Source of classification or shelving scheme Damaged status Not for loan Collection code Home library Current library Date acquired Source of acquisition Total Checkouts Full call number Barcode Date last seen Date last checked out Copy number Price effective from Koha item type
    Dewey Decimal Classification     Fiction Biblioteca Pública José María del Castillo y Rada Biblioteca Pública José María del Castillo y Rada 10/02/2020 Donación 5 C / ASTc 201810051 03/09/2026 03/09/2026 Ej.1 10/20/2020 Books